| 000 | 00736nam a22001337a 4500 | ||
|---|---|---|---|
| 040 | _cRUA | ||
| 082 | _aAVM OUN 2013 B108 Or.1 | ||
| 100 | _aOUNG, CHAMROEUN. | ||
| 245 | _aStudy on gastro-intestinal parasites in bear phnom tamoa zoological garden and wildlife rescue center, សិក្សាពីបរាសិតក្នុងក្រពះពោះវៀនខ្លាឃ្មុំ នៅឧទ្យានសួនសត្វ និងមជ្ឈមណ្ឌលសង្គ្រោះសត្វព្រៃភ្នំតាម៉ៅ | ||
| 260 |
_aPhnom Penh _bRUA _c2013 |
||
| 300 |
_axii; 51p. _bill. _c29cm. |
||
| 856 | _uhttps://drive.google.com/file/d/1pag0WNxOLWOATVxl9F83hpNrh_NLoQX2/view?usp=sharing | ||
| 942 | _cAVM | ||
| 999 |
_c2657 _d2657 |
||